| 000 | 00978njm a2200277Ia 4500 | ||
|---|---|---|---|
| 001 | 40110 | ||
| 003 | IT-RoPAU | ||
| 005 | 20220918181204.0 | ||
| 008 | 131025s9999 xx 000 0 und d | ||
| 040 | _aIT-RoPAU | ||
| 040 | _cIT-RoPAU | ||
| 999 |
_c103281 _d103281 |
||
| 999 | _bn.d. | ||
| 100 |
_aBeethoven Ludwig Van _920816 |
||
| 100 |
_eAutore musica _920817 |
||
| 100 |
_gCodice autore musica SPICS: 10721 _920818 |
||
| 245 | _aConcerto per pianoforte n 4 in sol maggiore op 58-Rondò in si bemolle maggiore | ||
| 250 | _a1a ed. | ||
| 260 | _aMUSICAL MASTERPIECE SOCIETY | ||
| 260 | _bMMS | ||
| 300 | _aDISCO | ||
| 500 | _aMusica da camera. Musica classica, strumentale: pianoforte. Opera romantica in tre atti | ||
| 505 | _aConcerto per pianoforte n. 4 in sol maggiore, op. 58 - Rondò in si bemolle maggiore | ||
| 511 | _aOrchestra dell'Opera di Stato di Vienna diretta da Desarzens Victor | ||
| 650 |
_aMUSICA CAMERA [DISCHI] _eCodice MATERIA SPICS: 9950 _99264 |
||
| 942 |
_cMD _2ddc |
||